Auditing
Αποθηκεύτηκε σε:
| Κύριος συγγραφέας: | |
|---|---|
| Άλλοι συγγραφείς: | |
| Μορφή: | Βιβλίο |
| Γλώσσα: | English |
| Δημοσίευση: |
Chicago :
Richard D. Irwin,
1997
|
| Έκδοση: | 2nd ed. |
| Σειρά: | Irwin series in undergraduate accounting
|
| Θέματα: | |
| Ετικέτες: |
Προσθήκη ετικέτας
Δεν υπάρχουν, Καταχωρήστε ετικέτα πρώτοι!
|
MARC
| LEADER | 00000nam a2200000 i 4500 | ||
|---|---|---|---|
| 001 | 1/58587 | ||
| 008 | 980525s1997 eng d | ||
| 020 | |a 025617086X ((disk)) | ||
| 020 | |a 007114630X | ||
| 020 | |a 0256170916 | ||
| 035 | |l 10028391 | ||
| 040 | |a GR-MY-UA |b gre |e aacr | ||
| 041 | 0 | |a eng | |
| 082 | 0 | |a 657.45 | |
| 100 | 1 | |a Pany, Kurt. | |
| 245 | 1 | 0 | |a Auditing / |c Kurt Pany ; O. Ray Whittington |
| 250 | |a 2nd ed. | ||
| 260 | |a Chicago : |b Richard D. Irwin, |c 1997 | ||
| 300 | |a xx, 811 σ. |e 1 δισκέτα 3.5' | ||
| 490 | 1 | |a Irwin series in undergraduate accounting | |
| 504 | |a Περιλαμβάνει ευρετήριο | ||
| 650 | 0 | 0 | |a Auditing. |
| 650 | 0 | 0 | |a Auditors' reports. |
| 700 | 1 | |a Whittington, O. Ray. | |
| 830 | 0 | |a Irwin series in undergraduate accounting | |
| 852 | |a INST |b CHIOS |e 19980610 |h 657.45 PAN |p 005200016230 |q 005200016230 |t BK |y 0 | ||
| 852 | |a INST |b CHIOS |e 19980610 |h 657.45 PAN |p 005200016231 |q 005200016231 |t BK |y 0 | ||
| 852 | |a INST |b CHIOS |e 19980525 |h 657.45 PAN |p 005200016465 |q 005200016465 |t BK |y 0 | ||
| 852 | |a INST |b CHIOS |e 19981020 |h 657.45 PAN |p 005200015582 |q 005200015582 |t BK |y 0 | ||
| 901 | |a BIBL-1998-2 | ||
| 909 | |a Χ |b 056050 | ||
| 909 | |a Χ |b 057272 | ||
| 909 | |a Χ |b 057273 | ||
| 909 | |a Χ |b 058830 | ||
| 909 | |a Χ |b 058829 | ||
| 909 | |a X |b 058428 | ||
| 922 | |a 2ΕΛΗ |b 199804 |c ΤΔΕ |d ΠΑΠΑΣΩΤΗΡΙΟΥ | ||
| 922 | |a 2ΕΛΗ |b 199805 |c ΤΔΕ |d ΠΑΠΑΣΩΤΗΡΙΟΥ | ||